City Except Capital per Country Quiz Stats

 Plays Quiz not verified by Sporcle

Score 0/198 Timer 20:00
0 Plays Today
Country City % Correct
Singapore-
100%
Vatican City-
100%
AustraliaSydney
91.5%
BrazilSão Paulo
89.9%
CanadaToronto
88%
ChinaGuangzhou
87.2%
FranceMarseille
87.2%
GermanyHamburg
87.2%
ItalyMilan
86.4%
United States of AmericaNew York City
86%
BelgiumAntwerp
85.7%
JapanYokohama
85.3%
United KingdomBirmingham
85.3%
EgyptAlexandria
84.9%
RussiaSaint Petersburg
84.9%
IndiaMumbai
84.5%
AustriaGraz
84.1%
IsraelTel Aviv
84.1%
SpainBarcelona
84.1%
TurkeyIstanbul
84.1%
NetherlandsRotterdam
83.7%
SwitzerlandZürich
83.7%
New ZealandAuckland
82.9%
South AfricaJohannesburg
82.6%
MoroccoCasablanca
81.8%
PolandKrakow
81.8%
IrelandCork
81.4%
SwedenGöteborg
80.6%
MexicoEcatepec
80.2%
United Arab EmiratesDubai
79.1%
PakistanKarachi
78.7%
PortugalPorto
78.7%
NigeriaLagos
76.7%
VietnamHo Chi Minh City
76.7%
ColombiaMedellín
76.4%
GreeceThessaloniki
76%
ArgentinaCórdoba
74.4%
NorwayBergen
74%
Saudi ArabiaJeddah
72.5%
UkraineKharkiv
72.5%
DenmarkAarhus
71.7%
South KoreaBusan
71.7%
CroatiaSplit
68.2%
SyriaAleppo
68.2%
Czech RepublicBrno
67.8%
BelizeBelize City
66.3%
IraqBasra
64.7%
KazakhstanAlmaty
64.3%
PhilippinesQuezon City
62.4%
TanzaniaDar-es-Salaam
60.1%
Cote d'IvoireAbidjan
59.7%
LibyaBenghazi
59.3%
MyanmarYangon
58.1%
FinlandTampere
57%
AfghanistanKandahar
56.6%
EcuadorGuayaquil
56.6%
PalestineGaza
55.4%
BangladeshChittagong
55%
AlgeriaOran
53.9%
IranMashhad
53.9%
ChileValparaiso
53.5%
RomaniaCluj-Napoca
53.1%
BulgariaPlovdiv
51.9%
SerbiaNovi Sad
49.6%
BelarusGomel
49.2%
CyprusLimassol
48.4%
Country City % Correct
KenyaMombasa
48.1%
IndonesiaSurabaya
47.7%
HungaryDebrecen
47.3%
BoliviaSanta Cruz de la Sierra
46.9%
MonacoMonte-Carlo
46.5%
VenezuelaMaracaibo
46.1%
Bosnia and HerzegovinaBanja Luka
45.7%
LithuaniaKaunas
45.3%
AlbaniaDurres
44.6%
CameroonDouala
43%
CubaSantiago de Cuba
41.5%
SloveniaMaribor
38%
DR CongoLubumbashi
37.2%
EstoniaTartu
36.8%
SudanOmdurman
36.4%
SlovakiaKošice
34.5%
LebanonTripoli
34.1%
BeninCotonou
33.7%
TunisiaSfax
33.7%
IcelandKopavogur
32.6%
YemenTa'izz
32.6%
PeruArequipa
31.8%
LiechtensteinSchaan
31.4%
TaiwanKaohsiung
31.4%
JamaicaMontego Bay
31%
LatviaDaugavpils
29.8%
MoldovaTiraspol
29.1%
KyrgyzstanOsh
28.7%
AngolaCabinda
28.3%
GhanaKumasi
27.5%
ThailandNonthaburi
26%
LuxembourgEsch-sur-Alzette
25.6%
Costa RicaLimón
24.8%
UzbekistanNamangan
24%
MalaysiaSeberang Perai
21.3%
GeorgiaKutaisi
20.5%
North MacedoniaBitola
20.5%
ZimbabweBulawayo
20.5%
AzerbaijanGanja
20.2%
CambodiaBattambang
20.2%
SomaliaHargeisa
20.2%
San MarinoSerravalle
19%
BahamasFreeport
18.6%
EthiopiaAdama
18.2%
MalawiBlantyre
18.2%
NamibiaRundu
17.8%
ArmeniaGyumri
17.4%
Dominican RepublicSantiago
17.4%
MontenegroNiksic
17.4%
AndorraEscaldes-Engordany
17.1%
HondurasSan Pedro Sula
17.1%
PanamaSan Miguelito
17.1%
UruguaySalto
17.1%
Burkina FasoBobo Dioulasso
16.3%
JordanZarqa
16.3%
Sri LankaNegombo
16.3%
TurkmenistanTürkmenabat
15.5%
Equatorial GuineaBata
14.3%
KosovoPrizren
14%
ParaguayCiudad del Este
14%
MaliSikasso
13.6%
GabonPort-Gentil
13.2%
LaosPakse
13.2%
North KoreaHamhung
13.2%
PalauKoror
13.2%
BotswanaFrancistown
12.8%
Country City % Correct
FijiNasinu
12.8%
Papua New GuineaLae
12.4%
Republic of the CongoPointe-Noire
12.4%
OmanSalalah
12%
HaitiCarrefour
11.2%
SurinameLelydorp
11.2%
BahrainRiffa
10.9%
SenegalTouba
10.9%
Central African RepublicBimbo
10.5%
MadagascarToamasina
10.5%
MozambiqueMatola
10.5%
GuatemalaMixco
10.1%
NigerZinder
10.1%
ZambiaNdola
10.1%
ChadMoundou
9.3%
El SalvadorSoyapango
9.3%
GambiaBrikama
9.3%
GuyanaLinden
9.3%
Sierra LeoneBo
9.3%
Cabo VerdeMindelo
8.9%
NicaraguaLeón
8.9%
MongoliaDarkhan
8.5%
BurundiGitega
7.8%
GuineaNzérékoré
7.8%
BruneiKuala Belait
7.4%
MauritaniaNouadhibou
7.4%
Trinidad and TobagoLaventille
7.4%
BarbadosSpeightstown
7%
MaltaQormi
7%
QatarAl Rayyan
7%
EritreaKeren
6.2%
NepalPokhara
6.2%
TajikistanKhujand
5.8%
Antigua and BarbudaAll Saints
5.4%
BhutanPunakha
5%
DjiboutiAli Sabieh
5%
UgandaKira
5%
eSwatiniManzini
4.7%
Guinea-BissauBafatá
4.3%
LesothoTeyateyaneng
4.3%
MicronesiaWeno
4.3%
RwandaButare
4.3%
ComorosMoutsamoudou
3.9%
LiberiaGbarnga
3.9%
South SudanYei
3.9%
Western SaharaAd-Dakhla
3.9%
GrenadaGouyave
3.1%
KiribatiBetio
3.1%
MauritiusÉbène
3.1%
TogoSokodé
3.1%
DominicaPortsmouth
2.3%
KuwaitAl Ahmadi
2.3%
Sao Tome and PrincipeSanto Amaro
2.3%
St. Vincent and the GrenadinesGeorgetown
1.9%
Timor-LesteSame
1.9%
MaldivesAddu City
1.6%
NauruArijejen
1.6%
TuvaluAlapi Village
1.6%
St. Kitts and NevisSandy Point Town
1.2%
St. LuciaBisée
1.2%
SeychellesAnse Boileau
1.2%
Solomon IslandsGizo
1.2%
VanuatuLuganville
1.2%
Marshall IslandsEbaye
0.8%
SamoaAsau
0.8%
TongaNeiafu
0.8%

You're not logged in!

Compare scores with friends on all Sporcle quizzes.
OR
Log In

Sporcle TV

Today on Sporcle TV


Watch our educational content, quiz creation guides, and fun videos on Sporcle TV.

Show Comments

Extras

Top Quizzes Today


Score Distribution

Your Account Isn't Verified!

In order to create a playlist on Sporcle, you need to verify the email address you used during registration. Go to your Sporcle Settings to finish the process.

Report this User

Report this user for behavior that violates our Community Guidelines.

Details: